Kształty państw Oceanii - Statystyki

Ogólne statystyki
  • Ten quiz został rozwiązany 57 razy
  • Średni wynik to 12 z 14
Statystyki odpowiedzi
Obrazkowy Odpowiedź % Poprawnych
Australia
100%
Nowa Zelandia
96%
Fidżi
88%
Papua-Nowa Gwinea
88%
Wyspy Marshalla
88%
Kiribati
84%
Mikronezja
84%
Nauru
84%
Palau
84%
Vanuatu
84%
Wyspy Salomona
84%
Samoa
80%
Tuvalu
80%
Tonga
76%
Nie znaleziono quizów pasujących do podanych kryteriów
Rozkład punktacji
Procent ludzi z każdym wynikiem
Percentyl według liczby udzielonych odpowiedzi
Twoja historia wyników
Nie rozwiązałeś tego quizu